<?xml version="1.0" encoding="UTF-8"?>
<collection xmlns="http://www.loc.gov/MARC21/slim">
<record>
  <controlfield tag="001">152783</controlfield>
  <controlfield tag="005">20250401114424.0</controlfield>
  <datafield tag="037" ind1=" " ind2=" ">
    <subfield code="a">TAZ-TFG-2024-2417</subfield>
  </datafield>
  <datafield tag="041" ind1=" " ind2=" ">
    <subfield code="a">spa</subfield>
  </datafield>
  <datafield tag="100" ind1="1" ind2=" ">
    <subfield code="a">Ortega Moya, José</subfield>
  </datafield>
  <datafield tag="242" ind1="0" ind2="0">
    <subfield code="a">Stochastic calculus and financial derivatives pricing</subfield>
  </datafield>
  <datafield tag="245" ind1="0" ind2="0">
    <subfield code="a">Cálculo estocástico y valoración de derivados financieros</subfield>
  </datafield>
  <datafield tag="260" ind1=" " ind2=" ">
    <subfield code="a">Zaragoza</subfield>
    <subfield code="b">Universidad de Zaragoza</subfield>
    <subfield code="c">2024</subfield>
  </datafield>
  <datafield tag="506" ind1=" " ind2=" ">
    <subfield code="a">by-nc-sa</subfield>
    <subfield code="b">Creative Commons</subfield>
    <subfield code="c">3.0</subfield>
    <subfield code="u">http://creativecommons.org/licenses/by-nc-sa/3.0/</subfield>
  </datafield>
  <datafield tag="520" ind1=" " ind2=" ">
    <subfield code="a">La valoración de derivados financieros, es decir, aquellos productos cuyo valor depende del precio de otro activo subyacente, es un problema de gran interés en el campo de las finanzas cuantitativas. En este trabajo se presentan las herramientas matemáticas que fundamentan los modelos empleados en esta rama. Se hace especial énfasis en los conceptos de filtración de sigma-álgebras y esperanzas condicionales a sub-sigma-álgebras y sus aplicaciones en procesos estocásticos; así como a la necesidad de extender el concepto de integral de Lebesgue-Stieltjes para ciertos procesos de variación total no acotada y sus principales propiedades, como el Lema de Itô. &lt;br />Por otra parte, se aplican estas herramientas a la valoración de opciones y contratos "forward" bajo el modelo de Black-Scholes-Merton, para lo que se recurre a la definición de una medida de probabilidad de riesgo neutro mediante el Teorema de Girsanov. En este espacio de probabilidad, el proceso que describe el valor de una cartera de inversión se comporte como una martingala y, en virtud del Principio de Ausencia de Arbitraje, podemos calcular el valor de una opción mediante una esperanza condicional. Finalmente se discute la validez del modelo y se presentan algunas de sus consecuencias y limitaciones más relevantes.&lt;br />&lt;br /></subfield>
  </datafield>
  <datafield tag="521" ind1=" " ind2=" ">
    <subfield code="a">Graduado en Matemáticas</subfield>
  </datafield>
  <datafield tag="540" ind1=" " ind2=" ">
    <subfield code="a">Derechos regulados por licencia Creative Commons</subfield>
  </datafield>
  <datafield tag="856" ind1="0" ind2=" ">
    <subfield code="f">810298@unizar.es</subfield>
  </datafield>
  <datafield tag="856" ind1="4" ind2=" ">
    <subfield code="s">2346720</subfield>
    <subfield code="u">http://zaguan.unizar.es/record/152783/files/TAZ-TFG-2024-2417.pdf</subfield>
    <subfield code="y">Memoria (spa)</subfield>
  </datafield>
  <datafield tag="909" ind1="C" ind2="O">
    <subfield code="o">oai:zaguan.unizar.es:152783</subfield>
    <subfield code="p">driver</subfield>
    <subfield code="p">trabajos-fin-grado</subfield>
  </datafield>
  <datafield tag="950" ind1=" " ind2=" ">
    <subfield code="a"></subfield>
  </datafield>
  <datafield tag="691" ind1=" " ind2=" ">
    <subfield code="a">0</subfield>
  </datafield>
  <datafield tag="692" ind1=" " ind2=" ">
    <subfield code="a"></subfield>
  </datafield>
  <datafield tag="700" ind1=" " ind2=" ">
    <subfield code="a">Gaspar Lorenz, Francisco</subfield>
    <subfield code="e">dir.</subfield>
  </datafield>
  <datafield tag="700" ind1=" " ind2=" ">
    <subfield code="a">Sanz Sáiz, Gerardo</subfield>
    <subfield code="e">dir.</subfield>
  </datafield>
  <datafield tag="710" ind1="2" ind2=" ">
    <subfield code="a">Universidad de Zaragoza</subfield>
    <subfield code="b">Matemática Aplicada</subfield>
    <subfield code="c">Matemática Aplicada</subfield>
  </datafield>
  <datafield tag="980" ind1=" " ind2=" ">
    <subfield code="a">TAZ</subfield>
    <subfield code="b">TFG</subfield>
    <subfield code="c">CIEN</subfield>
  </datafield>
  <datafield tag="999" ind1=" " ind2=" ">
    <subfield code="a">20240611143354.CREATION_DATE</subfield>
  </datafield>
  <datafield tag="951" ind1=" " ind2=" ">
    <subfield code="a">deposita:2025-04-01</subfield>
  </datafield>
</record>
</collection>